| 000 | 01356nam a2200205Ia 4500 | ||
|---|---|---|---|
| 003 | Ost | ||
| 005 | 20260507075612.0 | ||
| 008 | 260507s9999||||xx |||||||||||||| ||und|| | ||
| 040 | _cfsecg | ||
| 041 | _aara | ||
| 082 | _a657.48 | ||
| 100 |
_aدرويش، أحمد عبد الله _eمؤلف |
||
| 245 | 0 |
_aمبادئ الرياضة المالية / _c أحمد عبد الله درويش |
|
| 260 |
_aعمان: _bدار صفاء للنشر والتوزيع, _c1997 |
||
| 300 |
_a236 صفحة؛ _bإيضاحات ؛ _c24 سم |
||
| 504 | _aالمراجع ص.236 | ||
| 520 | _aالفائدة وتطورها وموقف الشرائع السماوية منها، الفائدة البسيطة وتطبيقاتها، سداد الديون قصيرة تأجل، خصم الديون قصيرة الأجل، تسوية الديون واستبدالها، الفائدة المركبة، المعدل الحقيقي المعدل الأسمي للفائدة، القيمة الحالية، خصم الديون الطويلة الأجل، استهلاك القرزض الطويلة الأجل، استهلاك الأصول الثابثة، تعديل الديون الطويلة الأجل واستبدالها، عضو تكوين الأموال، جداول الفائدة، السندات | ||
| 653 | _aالمحاسبة التحليلية | ||
| 942 | _cكتاب | ||
| 999 |
_c45086 _d45086 |
||